000 00751nam a2200193Ia 4500
008 0000001979 sp a 0000000000spa00
090 _aPSP00 G65j
100 1 _aGomila, Juan
_d1942
245 1 0 _aJuan Gomila
_b: obra reciente, pinturas y litografías
300 _a[16] p.
_c/ 22 cm.
500 _aExposición realizada en Galería Kreisler Dos, Madrid, Noviembre 20 Diciembre 15, 1979 \ Con el patronazgo del maestro venezolano Jesús Rafael Soto (q.e.p.d.)
600 0 0 _aGOMILA, JUAN, 1942/
_xTRABAJOS PICTORICOS
650 1 4 _aARTE CONTEMPORANEO ESPAÑOL
650 1 4 _xCATALOGOS
650 1 4 _xEXPOSICIONES
650 1 4 _aPINTORES ESPAÑOLES
650 1 4 _aPINTURA ESPAÑOLA
999 _c7060
_d7060
260 _aMadrid : Galería Kreisler Dos
_c1979